Estadísticas para Países que han Ganado el Mayor Número de Concursos de Eurovisión

Haz click aquí para intentar la prueba.

Estadísticas generales

  • Esta prueba ha sido intentada 160 veces
  • La puntuación promedio es 7 de 9

Estadísticas de respuestas

#País% Correcto
5Francia
96%
6Suecia
95%
5Reino Unido
92%
7Irlanda
90%
4Países Bajos
79%
3Noruega
78%
3Dinamarca
70%
5Luxemburgo
70%
3Israel
67%

Distribución de puntuación

Porcentaje por número respondido

Porcentaje de gente con cada puntuación

Historial de tus puntuaciones

No has intentado esta prueba.